000 00292nam a22001337a 4500
008 190205b xxu||||| |||| 00| 0 eng d
020 _a9780324381870
041 _aeng
080 _222th
_a330.722.6
100 _a61
101 _aKF
245 _aAccounting
_cWarren,C.S
942 _2udc
_cBK
999 _c53980
_d53980